| 000 | 01933nam a2200265Ia 4500 | ||
|---|---|---|---|
| 003 | OSt | ||
| 005 | 20251114160858.0 | ||
| 008 | 210210b2018 xxu||||| |||| 00| 0 eng d | ||
| 020 | _a9788184570561 | ||
| 040 | _cAL | ||
| 041 | _aKannada | ||
| 082 | _a305.42K OLGK | ||
| 100 |
_aOLGA _dಓಲ್ಗಾ _9245604 |
||
| 245 |
_aKutumbavyavasthe: marksvada strivada _bಕುಟುಂಬ ವ್ಯವಸ್ಥೆ, ಮಾರ್ಕ್ಸ್ವಾದ– ಸ್ತ್ರೀವಾದ |
||
| 260 |
_aGadaga _bLadayi Prakashana _c2018 |
||
| 300 | _ax,101 | ||
| 520 | _aತೆಲುಗು ಸಾಹಿತ್ಯ ಕ್ಷೇತ್ರದಲ್ಲಿ ಸೃಜನಶೀಲ ಲೇಖಕಿಯಾಗಿ, ಸ್ತ್ರೀವಾದಿ ಚಿಂತಕಿಯಾಗಿ, ಮಹಿಳಾ ಚಳವಳಿಯ ಸಕ್ರಿಯ ಹೋರಾಟಗಾರ್ತಿಯಾಗಿ ಓಲ್ಗಾ ಅವರನ್ನು ಗುರುತಿಸಲಾಗುತ್ತದೆ. ಓಲ್ಗಾ ಅವರು ತಮ್ಮ ಈ ಕೃತಿಯಲ್ಲಿ ಮಾರ್ಕ್ಸ್ವಾದ ಮತ್ತು ಸ್ತ್ರೀವಾದಗಳ ನಡುವಿನ ಸಂಬಂಧವನ್ನು ಪರಿಶೀಲಿಸುವಂಥ ವಿಚಾರಗಳನ್ನು ವಿವರಿಸಿದ್ದಾರೆ. ಈ ಕೃತಿಯನ್ನು ಬಿ. ಸುಜ್ಞಾನಮೂರ್ತಿ ಅವರು ಕನ್ನಡಕ್ಕೆ ಅನುವಾದ ಮಾಡಿದ್ದಾರೆ. ಅವರು ತಮ್ಮ ಲೇಖನದಲ್ಲಿ ಮಹಿಳೆ, ಕುಟುಂಬ ಸಾಮಾಜಿಕ ಸಂಬಂಧಗಳ ಕುರಿತು ವಿವರಗಳನ್ನು ಒದಗಿಸಿದ್ದಾರೆ. | ||
| 650 |
_astrivada _9245605 |
||
| 650 |
_amarksvada _9245606 |
||
| 650 |
_aKutumbavyavasthe _9245607 |
||
| 690 |
_aFamily Living _9245608 |
||
| 700 |
_aB. Sujnamurti _dಬಿ. ಸುಜ್ಞಾನಮೂರ್ತಿ _9245609 |
||
| 906 | _a073713 | ||
| 942 |
_2ddc _cBK |
||
| 999 |
_c123482 _d123482 |
||